[Event "Qatar Masters Open 2014"]
[Site "Doha QAT"]
[Date "2014.12.02"]
[Round "7.1"]
[White "Kramnik, Vladimir"]
[Black "Giri, Anish"]
[Result "1-0"]
[WhiteElo "2760"]
[BlackElo "2776"]
[PlyCount "73"]
[EventDate "2014.11.26"]
[EventType "swiss"]
[EventRounds "9"]
[EventCountry "QAT"]
[Source "lmi"]
[SourceDate "2014.11.26"]

1. d4 d5 2. c4 c6 3. Nf3 Nf6 4. Nc3 e6 5. g3 dxc4 6. Bg2 b5 7. Ne5 a6 8. O-O
Bb7 9. b3 cxb3 10. axb3 Be7 11. Bb2 O-O 12. Qc2 Nfd7 13. Nd3 Qb6 14. Ne4 a5 15.
Ndc5 Bc8 16. Qc3 b4 17. Qe3 Na6 18. Rfc1 Nc7 19. Nxd7 Bxd7 20. Nc5 Be8 21. Ra2
Qb5 22. Qd3 Qxd3 23. Nxd3 Nd5 24. Ne5 Ra6 25. Bf1 Nc3 26. Bxc3 bxc3 27. Rxc3 c5
28. dxc5 Bf6 29. f4 Bb5 30. Bg2 Ra7 31. c6 Be7 32. Be4 f6 33. Nf3 Rd8 34. e3 e5
35. fxe5 fxe5 36. Rc1 a4 37. bxa4 1-0

[Event "Qatar Masters Open 2014"]
[Site "Doha QAT"]
[Date "2014.12.02"]
[Round "7.2"]
[White "Oleksienko, Mikhailo"]
[Black "Tomashevsky, Evgeny"]
[Result "1/2-1/2"]
[WhiteElo "2620"]
[BlackElo "2714"]
[PlyCount "174"]
[EventDate "2014.11.26"]
[EventType "swiss"]
[EventRounds "9"]
[EventCountry "QAT"]
[Source "lmi"]
[SourceDate "2014.11.26"]

1. e4 e5 2. Nf3 Nc6 3. Bb5 a6 4. Bxc6 dxc6 5. O-O Bd6 6. d4 exd4 7. Qxd4 f6 8.
Be3 Ne7 9. Nbd2 Be6 10. Qc3 Qd7 11. Nd4 Bf7 12. Nc4 O-O 13. Rad1 c5 14. Nb3 Qe6
15. Nxd6 cxd6 16. Bf4 Qxe4 17. Bxd6 Nd5 18. Qe1 Qxe1 19. Rfxe1 Rfc8 20. Nxc5 b6
21. Ne6 Rc6 22. Rxd5 Re8 23. Rd2 Rxe6 24. Rxe6 Bxe6 25. b3 b5 26. Bb4 a5 27.
Bxa5 Ra6 28. Bc7 Rxa2 29. h3 h5 30. Bf4 Kf7 31. f3 h4 32. Be3 Bf5 33. Rd5 Bxc2
34. Rxb5 Ra3 35. Rb7+ Kg6 36. Bf2 Rxb3 37. Rc7 Bd3 38. Bxh4 Rb1+ 39. Kh2 Rb2
40. Rc1 Rc2 41. Ra1 Be2 42. Kg1 Rd2 43. Ra7 Bc4 44. Be1 Rd1 45. Kf2 Rb1 46. Bc3
Bd5 47. h4 Rb7 48. Ra5 Rd7 49. Rc5 Bf7 50. g4 Kh7 51. h5 Rd3 52. Ke2 Rd7 53. f4
Bb3 54. Bd2 Re7+ 55. Kf3 Rd7 56. Bc1 Bd1+ 57. Kg3 Be2 58. Rc2 Bd1 59. Rc5 Be2
60. Rc2 Bd1 61. Rc8 f5 62. gxf5 Bxh5 63. Bb2 Bf7 64. Be5 Rd1 65. Rc7 Kg8 66.
Rc2 Rh1 67. Kf3 Rg1 68. Kf2 Rh1 69. Ke3 Rg1 70. Rb2 Re1+ 71. Kd4 Rg1 72. Kc5
Bh5 73. Rb8+ Kh7 74. Rb7 Bf3 75. Ra7 Kg8 76. Kd6 Be4 77. Ke6 Bc2 78. Rb7 Rg3
79. Rb8+ Kh7 80. Rb2 Rg2 81. Rb7 Kg8 82. Bxg7 Rxg7 83. Rb8+ Kh7 84. f6 Rg4 85.
f7 Rxf4 86. f8=Q Rxf8 87. Rxf8 Kg7 1/2-1/2

[Event "Qatar Masters Open 2014"]
[Site "Doha QAT"]
[Date "2014.12.02"]
[Round "7.4"]
[White "Yu, Yangyi"]
[Black "Lenderman, Aleksandr"]
[Result "1-0"]
[WhiteElo "2705"]
[BlackElo "2598"]
[PlyCount "99"]
[EventDate "2014.11.26"]
[EventType "swiss"]
[EventRounds "9"]
[EventCountry "QAT"]
[Source "lmi"]
[SourceDate "2014.11.26"]

1. e4 e6 2. d4 d5 3. e5 c5 4. c3 Nc6 5. Nf3 Bd7 6. a3 a5 7. Be3 Qb6 8. b3 Nh6
9. Bd3 Nf5 10. Bxf5 exf5 11. O-O cxd4 12. cxd4 Be7 13. Nc3 Be6 14. Na4 Qb5 15.
Bg5 Bf8 16. Ne1 Rc8 17. g3 h6 18. Be3 Be7 19. Nd3 O-O 20. Re1 b6 21. h3 Bg5 22.
f4 Be7 23. Ra2 Qa6 24. Nf2 Rc7 25. Qd3 Qxd3 26. Nxd3 Rb8 27. Rc1 Rcc8 28. Rac2
Bd7 29. Ra2 Kf8 30. Nc3 Be6 31. Nb5 Ke8 32. Rac2 Kd7 33. Kf2 h5 34. Kf3 g6 35.
h4 Bf8 36. Bd2 Ra8 37. Ke3 Be7 38. Nb2 Rab8 39. Na4 Bf8 40. b4 axb4 41. Bxb4
Bxb4 42. axb4 Ne7 43. Nd6 Rxc2 44. Rxc2 Nc6 45. b5 Na5 46. Kd2 Kd8 47. Kc3 Nc4
48. Nxc4 dxc4 49. d5 Bd7 50. Kb4 1-0

[Event "Qatar Masters Open 2014"]
[Site "Doha QAT"]
[Date "2014.12.02"]
[Round "7.5"]
[White "Mamedov, Rauf"]
[Black "Salem, A.R. Saleh"]
[Result "0-1"]
[WhiteElo "2652"]
[BlackElo "2586"]
[PlyCount "84"]
[EventDate "2014.11.26"]
[EventType "swiss"]
[EventRounds "9"]
[EventCountry "QAT"]
[Source "lmi"]
[SourceDate "2014.11.26"]

1. e4 e5 2. Nc3 Nf6 3. g3 d5 4. exd5 Nxd5 5. Bg2 Nxc3 6. bxc3 Bd6 7. Nf3 O-O 8.
O-O Nc6 9. Re1 Re8 10. d3 h6 11. Rb1 Rb8 12. Nd2 Bd7 13. Nc4 b5 14. Nd2 a5 15.
Qh5 Qc8 16. h3 Ne7 17. c4 b4 18. Ne4 Nf5 19. Bb2 Bf8 20. Nd2 g6 21. Qf3 Bg7 22.
Nb3 Rb6 23. c5 Rb5 24. Bf1 a4 25. c6 Be6 26. d4 Bd5 27. Qd3 Bxc6 28. Qc4 axb3
29. Qxc6 Rb6 30. Qa4 bxa2 31. Rbd1 e4 32. Qb3 e3 33. fxe3 Nxg3 34. Bg2 Rbe6 35.
Kh2 Nf5 36. e4 Nh4 37. d5 Bxb2 38. Qxb2 Re5 39. Bh1 Qd8 40. Qxb4 Qg5 41. Rf1
a1=Q 42. Rxa1 Rxd5 0-1

[Event "Qatar Masters Open 2014"]
[Site "Doha QAT"]
[Date "2014.12.02"]
[Round "7.6"]
[White "Perunovic, Milos"]
[Black "Efimenko, Zahar"]
[Result "1/2-1/2"]
[WhiteElo "2619"]
[BlackElo "2644"]
[PlyCount "69"]
[EventDate "2014.11.26"]
[EventType "swiss"]
[EventRounds "9"]
[EventCountry "QAT"]
[Source "lmi"]
[SourceDate "2014.11.26"]

1. e4 e5 2. Nf3 Nc6 3. Bb5 a6 4. Ba4 Nf6 5. O-O b5 6. Bb3 Bb7 7. d3 Be7 8. Nc3
O-O 9. a4 Na5 10. axb5 Nxb3 11. cxb3 axb5 12. Rxa8 Qxa8 13. Nxe5 b4 14. Ne2 d5
15. Ng3 dxe4 16. Nf5 Bd8 17. Bg5 Re8 18. Ng4 Re6 19. Bxf6 Bxf6 20. Nxf6+ Rxf6
21. Qg4 g6 22. dxe4 Bxe4 23. Ne3 h5 24. Qg5 Ra6 25. Qe5 Ra1 26. f3 Rxf1+ 27.
Kxf1 Bc6 28. Kf2 Qd8 29. Nc4 Bd5 30. Qd4 c6 31. Ne3 Qa5 32. Nc2 Bxb3 33. Qxb4
Qa7+ 34. Ne3 Be6 35. Qc3 1/2-1/2

[Event "Qatar Masters Open 2014"]
[Site "Doha QAT"]
[Date "2014.12.02"]
[Round "7.7"]
[White "Grandelius, Nils"]
[Black "Ivanisevic, Ivan"]
[Result "1/2-1/2"]
[WhiteElo "2573"]
[BlackElo "2643"]
[PlyCount "73"]
[EventDate "2014.11.26"]
[EventType "swiss"]
[EventRounds "9"]
[EventCountry "QAT"]
[Source "lmi"]
[SourceDate "2014.11.26"]

1. Nf3 d5 2. g3 Nc6 3. d4 Bg4 4. Bg2 e6 5. O-O Bd6 6. c4 Nf6 7. Nc3 O-O 8. cxd5
Nxd5 9. h3 Bh5 10. e4 Nb6 11. Ne2 Kh8 12. Be3 f5 13. exf5 exf5 14. d5 Ne7 15.
Ng5 Nexd5 16. Bxd5 Nxd5 17. Qxd5 Bxe2 18. Ne6 Qe8 19. Rfe1 Rf6 20. Nxg7 Qb5 21.
Qd2 Kxg7 22. Bd4 Be5 23. Bxe5 Qxe5 24. Rxe2 Qd6 25. Qg5+ Kh8 26. Rae1 Raf8 27.
Rd2 h6 28. Qe3 Qc6 29. Qf4 Kg7 30. Rd3 R8f7 31. Rc1 Qe4 32. Rd4 Qxf4 33. Rxf4
Kg6 34. Rc3 Re7 35. Kf1 Rfe6 36. Rc5 Re5 37. Rxe5 1/2-1/2

[Event "Qatar Masters Open 2014"]
[Site "Doha QAT"]
[Date "2014.12.02"]
[Round "7.11"]
[White "Safarli, Eltaj"]
[Black "Jobava, Baadur"]
[Result "1/2-1/2"]
[WhiteElo "2628"]
[BlackElo "2722"]
[PlyCount "83"]
[EventDate "2014.11.26"]
[EventType "swiss"]
[EventRounds "9"]
[EventCountry "QAT"]
[Source "lmi"]
[SourceDate "2014.11.26"]

1. e4 e6 2. d4 d5 3. Nd2 Bd7 4. Ngf3 dxe4 5. Nxe4 Bc6 6. Bd3 Nd7 7. Bf4 Be7 8.
O-O Ngf6 9. Ned2 O-O 10. Nc4 b6 11. Qe2 Bb7 12. Rad1 Nd5 13. Bg3 N7f6 14. Nce5
Nh5 15. Ba6 Qc8 16. Bxb7 Qxb7 17. Qb5 Nxg3 18. hxg3 c5 19. c4 Nf6 20. dxc5 Bxc5
21. b4 a6 22. Qc6 Qxc6 23. Nxc6 Rfc8 24. bxc5 Rxc6 25. cxb6 Rxb6 26. Rb1 Rab8
27. Rxb6 Rxb6 28. Rd1 Kf8 29. Ne5 Ke8 30. f3 Rb2 31. g4 Re2 32. Nc6 Nd7 33. Rb1
Nc5 34. Rd1 Nd7 35. Rb1 Rc2 36. Nb4 Rxc4 37. Nxa6 Ke7 38. Nb4 Nc5 39. Kf1 g6
40. Ke2 h5 41. gxh5 gxh5 42. a3 1/2-1/2

[Event "Qatar Masters Open 2014"]
[Site "Doha QAT"]
[Date "2014.12.02"]
[Round "7.12"]
[White "Naroditsky, Daniel"]
[Black "Eljanov, Pavel"]
[Result "1/2-1/2"]
[WhiteElo "2620"]
[BlackElo "2719"]
[PlyCount "148"]
[EventDate "2014.11.26"]
[EventType "swiss"]
[EventRounds "9"]
[EventCountry "QAT"]
[Source "lmi"]
[SourceDate "2014.11.26"]

1. e4 c5 2. Nf3 e6 3. d4 cxd4 4. Nxd4 Nc6 5. Nc3 Qc7 6. g3 a6 7. Bg2 Nf6 8. O-O
h5 9. h3 h4 10. g4 Bc5 11. Be3 d6 12. Nxc6 Bxe3 13. fxe3 bxc6 14. e5 dxe5 15.
g5 Nd5 16. Ne4 Nxe3 17. Nd6+ Kf8 18. Rxf7+ Qxf7 19. Nxf7 Nxd1 20. Nxh8 Ne3 21.
Ng6+ Kf7 22. Be4 Bd7 23. Re1 Nf5 24. Nxe5+ Ke7 25. Rd1 Be8 26. Bxc6 Rb8 27.
Bxe8 Kxe8 28. b3 Rb5 29. Nf3 Ke7 30. c4 Ra5 31. Rd2 Nd6 32. Re2 Nf7 33. g6 Ng5
34. Kg2 Nxf3 35. Kxf3 Kf6 36. Rc2 Rg5 37. Rg2 Re5 38. Rg4 Re1 39. c5 Ra1 40. c6
Ke7 41. c7 Kd7 42. Rxh4 Rf1+ 43. Ke2 Rf6 44. Rc4 Kc8 45. b4 Rxg6 46. a4 e5 47.
b5 axb5 48. axb5 Rb6 49. Rc5 e4 50. Ke3 Re6 51. Rc4 Rb6 52. Rc5 Re6 53. h4 g6
54. Rc4 Rb6 55. Rc5 Re6 56. Rc4 Rb6 57. Kxe4 Rxb5 58. Kf4 Rf5+ 59. Kg4 Re5 60.
Rc6 Re1 61. Rxg6 Kxc7 62. h5 Kd7 63. Rf6 Ke7 64. Rf3 Rg1+ 65. Kh4 Rh1+ 66. Kg5
Rg1+ 67. Kh6 Rg2 68. Kh7 Rg1 69. h6 Rg2 70. Kh8 Rg1 71. h7 Rg2 72. Ra3 Kf7 73.
Ra8 Rg1 74. Rg8 Ra1 1/2-1/2

[Event "Qatar Masters Open 2014"]
[Site "Doha QAT"]
[Date "2014.12.02"]
[Round "7.14"]
[White "L'Ami, Erwin"]
[Black "Moiseenko, Alexander"]
[Result "1/2-1/2"]
[WhiteElo "2618"]
[BlackElo "2701"]
[PlyCount "117"]
[EventDate "2014.11.26"]
[EventType "swiss"]
[EventRounds "9"]
[EventCountry "QAT"]
[Source "lmi"]
[SourceDate "2014.11.26"]

1. d4 Nf6 2. c4 e6 3. Nc3 Bb4 4. Qc2 d5 5. a3 Bxc3+ 6. Qxc3 Ne4 7. Qc2 e5 8.
cxd5 Qxd5 9. f3 Nd6 10. dxe5 Qxe5 11. e4 f5 12. Bd3 fxe4 13. fxe4 Bg4 14. Nf3
Bxf3 15. gxf3 Nc6 16. Qc3 O-O 17. O-O Nd4 18. Be3 c5 19. f4 Qxe4 20. Bxe4 Ne2+
21. Kg2 Nxc3 22. Bxb7 Nxb7 23. bxc3 Rfe8 24. Kf3 Re6 25. Rad1 Rae8 26. Bf2 R8e7
27. Rfe1 Rxe1 28. Rxe1 Rd7 29. Re8+ Kf7 30. Ra8 a5 31. Ke4 Rd2 32. Ra7 Rxf2 33.
Rxb7+ Kf6 34. Rb6+ Kf7 35. Ra6 Rxh2 36. Rxa5 Ra2 37. c4 h5 38. Rxc5 g6 39. f5
gxf5+ 40. Rxf5+ Ke6 41. Rf3 Kd6 42. Kd4 h4 43. c5+ Kc6 44. Rf6+ Kc7 45. Kd5
Rxa3 46. Rf7+ Kc8 47. Kd6 Rc3 48. Kc6 Kb8 49. Rb7+ Ka8 50. Rb2 Rg3 51. Kb6 Kb8
52. Rf2 Rb3+ 53. Kc6 h3 54. Rf8+ Ka7 55. Rf7+ Kb8 56. Rh7 Rg3 57. Rh8+ Ka7 58.
Rh6 Kb8 59. Rh8+ 1/2-1/2

[Event "Qatar Masters Open 2014"]
[Site "Doha QAT"]
[Date "2014.12.02"]
[Round "7.15"]
[White "Volokitin, Andrei"]
[Black "Cheparinov, Ivan"]
[Result "1-0"]
[WhiteElo "2627"]
[BlackElo "2684"]
[PlyCount "59"]
[EventDate "2014.11.26"]
[EventType "swiss"]
[EventRounds "9"]
[EventCountry "QAT"]
[Source "lmi"]
[SourceDate "2014.11.26"]

1. e4 c5 2. Nf3 d6 3. Bb5+ Nd7 4. c3 Ngf6 5. Qe2 a6 6. Ba4 b5 7. Bc2 Bb7 8. d4
g6 9. a4 Bg7 10. e5 Bxf3 11. gxf3 dxe5 12. dxe5 Nh5 13. f4 O-O 14. Be4 Rb8 15.
axb5 axb5 16. Bf3 c4 17. Be3 Nc5 18. Bxc5 Nxf4 19. Qe3 Nd3+ 20. Kf1 Bxe5 21.
Ra7 Qc8 22. Bxe7 Re8 23. h4 Qe6 24. Bg5 Qd6 25. Nd2 f5 26. Rb7 Rxb7 27. Bxb7 h6
28. Bxh6 Re7 29. Qf3 Kh7 30. Bf8 1-0

[Event "Qatar Masters Open 2014"]
[Site "Doha QAT"]
[Date "2014.12.02"]
[Round "7.16"]
[White "Sjugirov, Sanan"]
[Black "Romanov, Evgeny"]
[Result "1/2-1/2"]
[WhiteElo "2673"]
[BlackElo "2636"]
[PlyCount "81"]
[EventDate "2014.11.26"]
[EventType "swiss"]
[EventRounds "9"]
[EventCountry "QAT"]
[Source "lmi"]
[SourceDate "2014.11.26"]

1. d4 d5 2. c4 c6 3. Nc3 dxc4 4. e4 b5 5. a4 b4 6. Nb1 Ba6 7. Qc2 Qxd4 8. Nf3
Qb6 9. Be3 Qb7 10. Bxc4 Bxc4 11. Qxc4 e6 12. O-O Nf6 13. Nbd2 Nbd7 14. Rfc1 c5
15. Qb5 Rb8 16. Qxb7 Rxb7 17. Ne1 Ng4 18. Bf4 Be7 19. Nd3 g5 20. Bg3 O-O 21. f3
Ngf6 22. Bf2 Rc8 23. Rc2 Nh5 24. g3 Ng7 25. Rac1 e5 26. Nc4 b3 27. Rc3 Ne6 28.
Na5 Rbc7 29. Be3 f6 30. Nc4 Nd4 31. Kf2 Nb6 32. Nxb6 axb6 33. Nb4 Ra7 34. Nd5
Bd8 35. Bxd4 exd4 36. Rxb3 Ra6 37. Rc4 Rca8 38. Ra3 Kf7 39. Ra1 Ke6 40. b3 f5
41. Ke2 1/2-1/2

[Event "Qatar Masters Open 2014"]
[Site "Doha QAT"]
[Date "2014.12.02"]
[Round "7.18"]
[White "Movsesian, Sergei"]
[Black "Durarbayli, Vasif"]
[Result "1/2-1/2"]
[WhiteElo "2659"]
[BlackElo "2621"]
[PlyCount "77"]
[EventDate "2014.11.26"]
[EventType "swiss"]
[EventRounds "9"]
[EventCountry "QAT"]
[Source "lmi"]
[SourceDate "2014.11.26"]

1. e4 e5 2. Nf3 Nc6 3. Bb5 a6 4. Ba4 Nge7 5. O-O g6 6. c3 Bg7 7. d4 exd4 8.
cxd4 b5 9. Bc2 d6 10. d5 Na5 11. Bd2 Bxb2 12. Bxa5 Bxa1 13. Nc3 Bb2 14. Qd2 O-O
15. Bb3 Ba3 16. Ne2 f6 17. Nfd4 Bc5 18. Nf4 Bb6 19. Bxb6 cxb6 20. Rc1 Rf7 21.
h4 Bd7 22. Nfe6 Bxe6 23. Nxe6 Qe8 24. Nc7 Qd8 25. Ne6 Qe8 26. Nc7 Qd8 27. Nxa8
Qxa8 28. Rc7 Qd8 29. Ra7 a5 30. Qd3 Nc8 31. Rxf7 Kxf7 32. Qxb5 Qc7 33. g3 Na7
34. Qe2 b5 35. Qg4 h5 36. Qe6+ Kg7 37. e5 fxe5 38. Bc2 Qxc2 39. Qe7+ 1/2-1/2

[Event "Qatar Masters Open 2014"]
[Site "Doha QAT"]
[Date "2014.12.02"]
[Round "7.19"]
[White "Hamdouchi, Hicham"]
[Black "Akopian, Vladimir"]
[Result "0-1"]
[WhiteElo "2616"]
[BlackElo "2657"]
[PlyCount "64"]
[EventDate "2014.11.26"]
[EventType "swiss"]
[EventRounds "9"]
[EventCountry "QAT"]
[Source "lmi"]
[SourceDate "2014.11.26"]

1. e4 c5 2. Nf3 e6 3. d4 cxd4 4. Nxd4 a6 5. c4 Nf6 6. Nc3 Qc7 7. Be2 Bb4 8. O-O
O-O 9. Bg5 Bxc3 10. Bxf6 Bxb2 11. Nxe6 dxe6 12. Bxb2 Nc6 13. c5 Rd8 14. Qc2 e5
15. Bc4 Nd4 16. Bxd4 exd4 17. Rab1 Bd7 18. Bd5 Bc6 19. Bxc6 Qxc6 20. Rb6 Qc7
21. Qb3 Rd7 22. Rd1 Rad8 23. g3 d3 24. Rd6 Rxd6 25. cxd6 Qxd6 26. Qxb7 h5 27.
h4 Qe6 28. Rd2 Qc4 29. Qe7 Rd4 30. Kg2 Qc6 31. Kh2 Qc3 32. Qe8+ Kh7 0-1

[Event "Qatar Masters Open 2014"]
[Site "Doha QAT"]
[Date "2014.12.02"]
[Round "7.22"]
[White "Gabuzyan, Hovhannes"]
[Black "Berkes, Ferenc"]
[Result "1/2-1/2"]
[WhiteElo "2565"]
[BlackElo "2669"]
[PlyCount "114"]
[EventDate "2014.11.26"]
[EventType "swiss"]
[EventRounds "9"]
[EventCountry "QAT"]
[Source "lmi"]
[SourceDate "2014.11.26"]

1. d4 Nf6 2. Nf3 d5 3. c4 e6 4. g3 Bb4+ 5. Nbd2 dxc4 6. Qa4+ Nc6 7. Bg2 Rb8 8.
Ne5 O-O 9. Nxc6 bxc6 10. O-O Bxd2 11. Bxd2 c5 12. Qxa7 Rxb2 13. Rfd1 cxd4 14.
Bc3 Rxe2 15. Bxd4 c3 16. Bxc3 Nd5 17. Rac1 Qg5 18. Bf3 Nxc3 19. Rxc3 Rd2 20.
Rxc7 Rxd1+ 21. Bxd1 Qd2 22. Bb3 Qe1+ 23. Kg2 Qe4+ 24. f3 Qe2+ 25. Qf2 Qe5 26.
Qc5 Qe2+ 27. Qf2 Qe5 28. Qc2 Ba6 29. Rc5 Qe3 30. Qf2 Qd3 31. Rc1 g6 32. h4 h5
33. Rd1 Qb5 34. Kh2 Rc8 35. Qe3 Qe2+ 36. Qxe2 Bxe2 37. Re1 Bxf3 38. Kg1 Rc5 39.
Kf2 Rf5 40. Ke3 Bb7 41. Kd4 Kf8 42. Re5 Rf3 43. Re3 e5+ 44. Kd3 Ba6+ 45. Kd2
Rf2+ 46. Kc3 e4 47. Rxe4 Rf3+ 48. Kd4 Rxg3 49. Rf4 f5 50. Ke5 Ke7 51. Ra4 Bb5
52. Ra7+ Bd7 53. Ba4 Re3+ 54. Kd5 Rd3+ 55. Ke5 Re3+ 56. Kd5 Rd3+ 57. Ke5 Re3+
1/2-1/2

[Event "Qatar Masters Open 2014"]
[Site "Doha QAT"]
[Date "2014.12.02"]
[Round "7.23"]
[White "Indjic, Aleksandar"]
[Black "Edouard, Romain"]
[Result "0-1"]
[WhiteElo "2538"]
[BlackElo "2659"]
[PlyCount "96"]
[EventDate "2014.11.26"]
[EventType "swiss"]
[EventRounds "9"]
[EventCountry "QAT"]
[Source "lmi"]
[SourceDate "2014.11.26"]

1. Nf3 d5 2. g3 g6 3. Bg2 Bg7 4. d3 e5 5. O-O Nc6 6. Nbd2 Nge7 7. e4 O-O 8.
exd5 Nxd5 9. Re1 h6 10. Nc4 Re8 11. a4 Bf5 12. Nh4 Be6 13. Nf3 f6 14. Ne3 Nde7
15. Bd2 a5 16. Bc3 Qd7 17. Nc4 b6 18. b3 Rad8 19. Qe2 Nf5 20. Bb2 g5 21. h3 Bf8
22. Kh2 Nb4 23. Ncxe5 fxe5 24. Nxe5 Qd6 25. Qh5 Bg7 26. Rac1 Rf8 27. Re2 Bd5
28. Bxd5+ Nxd5 29. Rce1 Nf6 30. Qf3 Nd7 31. Nc4 Qg6 32. Bxg7 Qxg7 33. Qg4 Rf7
34. Re8+ Rxe8 35. Rxe8+ Kh7 36. d4 Qxd4 37. Qe2 Ng7 38. Re3 Qf6 39. Kg1 Qf5 40.
g4 Qg6 41. f3 Rf8 42. Qd2 Qf7 43. Kg2 Re8 44. Rxe8 Qxe8 45. Kf2 Ne5 46. Ne3 Qf7
47. Qe2 Qf4 48. Kg2 Qd4 0-1

[Event "Qatar Masters Open 2014"]
[Site "Doha QAT"]
[Date "2014.12.02"]
[Round "7.24"]
[White "Rakhmanov, Aleksandr"]
[Black "Zhukova, Natalia"]
[Result "1-0"]
[WhiteElo "2636"]
[BlackElo "2470"]
[PlyCount "119"]
[EventDate "2014.11.26"]
[EventType "swiss"]
[EventRounds "9"]
[EventCountry "QAT"]
[Source "lmi"]
[SourceDate "2014.11.26"]

1. b3 e5 2. Bb2 Nc6 3. e3 g6 4. h4 h5 5. c4 Bg7 6. Nc3 d6 7. Nf3 Nge7 8. Ng5
O-O 9. Be2 a5 10. Rc1 Nb4 11. a3 Na6 12. Nd5 c6 13. Nxe7+ Qxe7 14. d4 exd4 15.
Bxd4 Nc5 16. Bxg7 Kxg7 17. O-O Bf5 18. Rc3 f6 19. Nf3 Bg4 20. Nd4 Bxe2 21. Nxe2
Rad8 22. Nf4 Ne6 23. Nxe6+ Qxe6 24. Qd2 Rd7 25. Rd1 Rfd8 26. a4 Qe5 27. Rd3 Kf7
28. Rd4 f5 29. g3 Kg7 30. Qe1 Kh7 31. R1d3 Kg7 32. Qc3 Kh6 33. Qd2 Kg7 34. Kh2
b6 35. Qd1 Kh7 36. Rd2 Kg7 37. Qf3 Rc8 38. Rd1 Kh7 39. Kh1 Kg7 40. Kg1 Kh7 41.
Kg2 Kg7 42. Qe2 Rcd8 43. R1d3 Kh7 44. Kh2 Kg7 45. Qf3 Rc8 46. Kg2 Kh7 47. Rf4
Re7 48. Rdd4 Re6 49. e4 Qxd4 50. exf5 Qxf4 51. Qxf4 Re5 52. fxg6+ Kxg6 53. Qd4
Re6 54. Qd3+ Kf6 55. Qh7 d5 56. Qxh5 dxc4 57. bxc4 Ke7 58. Qh7+ Kd8 59. h5 Rc7
60. Qh8+ 1-0

[Event "Qatar Masters Open 2014"]
[Site "Doha QAT"]
[Date "2014.12.02"]
[Round "7.25"]
[White "Salgado Lopez, Ivan"]
[Black "Debashis, Das"]
[Result "1-0"]
[WhiteElo "2622"]
[BlackElo "2485"]
[PlyCount "123"]
[EventDate "2014.11.26"]
[EventType "swiss"]
[EventRounds "9"]
[EventCountry "QAT"]
[Source "lmi"]
[SourceDate "2014.11.26"]

1. e4 c5 2. c3 d5 3. exd5 Qxd5 4. d4 Nf6 5. Nf3 Bg4 6. dxc5 Qxc5 7. Be3 Qc8 8.
h3 Be6 9. Na3 Nc6 10. Bf4 a6 11. Be2 g6 12. O-O Bg7 13. Ng5 Bd5 14. Bg4 Qd8 15.
c4 Be4 16. Qe1 Bf5 17. Bxf5 gxf5 18. Rd1 Qc8 19. c5 h6 20. Nc4 O-O 21. Nb6 Qe8
22. Nf3 Rd8 23. Qe3 Kh7 24. Ne5 e6 25. Rxd8 Qxd8 26. Nxc6 bxc6 27. Bd6 Rg8 28.
b4 Ne4 29. Nc4 Qh4 30. Qf4 Qh5 31. f3 Nc3 32. Qd2 Nd5 33. Kh2 Qh4 34. f4 Bc3
35. Qf2 Qf6 36. a3 Bd4 37. Qf3 Nc3 38. Be5 Bxe5 39. Nxe5 Ne4 40. Rd1 Rg3 41.
Qxg3 Nxg3 42. Kxg3 Qg7+ 43. Kh2 Qf6 44. g3 Qh8 45. Rd7 Qb8 46. Nxf7 h5 47. Nd6+
Kg6 48. Re7 Kf6 49. Re8 Qa7 50. Rg8 e5 51. Rf8+ Ke6 52. Re8+ Kd5 53. Rxe5+ Kd4
54. Nxf5+ Kd3 55. Nh4 Qf7 56. Ng2 Kd2 57. g4 h4 58. Re3 Qf6 59. g5 Qf7 60. Rf3
Qh5 61. Rf2+ Kc3 62. f5 1-0

[Event "Qatar Masters Open 2014"]
[Site "Doha QAT"]
[Date "2014.12.02"]
[Round "7.26"]
[White "Zhao, Jun"]
[Black "Swiercz, Dariusz"]
[Result "1/2-1/2"]
[WhiteElo "2578"]
[BlackElo "2616"]
[PlyCount "92"]
[EventDate "2014.11.26"]
[EventType "swiss"]
[EventRounds "9"]
[EventCountry "QAT"]
[Source "lmi"]
[SourceDate "2014.11.26"]

1. Nf3 Nf6 2. g3 g6 3. Bg2 Bg7 4. O-O c5 5. Nc3 Nc6 6. d3 O-O 7. a3 d5 8. Rb1
b6 9. b4 cxb4 10. axb4 Bb7 11. b5 Nb8 12. Na2 Nfd7 13. Bb2 Bxb2 14. Rxb2 a5 15.
bxa6 Nxa6 16. d4 e6 17. Nd2 Nc7 18. c4 Qc8 19. cxd5 Bxd5 20. Bxd5 Nxd5 21. Qb3
Qb7 22. e4 N5f6 23. Nc3 Rfc8 24. e5 Nd5 25. Nb5 Qa6 26. Ne4 Qa4 27. Qf3 Rf8 28.
Ned6 Nb8 29. Rb3 Qa2 30. Rc1 Nd7 31. Nc7 Rac8 32. Nxc8 Rxc8 33. Rbc3 Nxc3 34.
Qxc3 Qa7 35. h4 h5 36. g4 hxg4 37. h5 gxh5 38. Qe3 Nf8 39. Qg5+ Ng6 40. d5 Rxc7
41. Qd8+ Nf8 42. Rxc7 Qa1+ 43. Kg2 Qxe5 44. dxe6 Qe4+ 45. Kg1 Qe1+ 46. Kg2 Qe4+
1/2-1/2

[Event "Qatar Masters Open 2014"]
[Site "Doha QAT"]
[Date "2014.12.02"]
[Round "7.27"]
[White "Van Kampen, Robin"]
[Black "Aravindh, Chithambaram Vr"]
[Result "1-0"]
[WhiteElo "2612"]
[BlackElo "2485"]
[PlyCount "107"]
[EventDate "2014.11.26"]
[EventType "swiss"]
[EventRounds "9"]
[EventCountry "QAT"]
[Source "lmi"]
[SourceDate "2014.11.26"]

1. e4 c5 2. Nf3 Nc6 3. Bb5 d6 4. O-O Bd7 5. Re1 Nf6 6. c3 a6 7. Bf1 Bg4 8. h3
Bxf3 9. Qxf3 g6 10. d3 Bg7 11. Be3 Nd7 12. Nd2 O-O 13. Qd1 Rc8 14. Nf3 b5 15.
d4 cxd4 16. cxd4 Nf6 17. Bd3 Nb4 18. Bb1 Nc6 19. a4 Na5 20. axb5 axb5 21. b3
Nc6 22. Qe2 d5 23. e5 Ne4 24. Qxb5 Nc3 25. Qa6 Qd7 26. Bd2 Nb4 27. Qa5 Qb7 28.
Qa7 Qxa7 29. Rxa7 Nc6 30. Ra6 Nb5 31. Ra4 Ra8 32. Bd3 Ncxd4 33. Nxd4 Rxa4 34.
Nxb5 Ra2 35. Bb4 Rb2 36. Nd4 Rc8 37. f4 e6 38. Re2 Rxe2 39. Bxe2 g5 40. g3 gxf4
41. gxf4 Bh6 42. Bd2 Ra8 43. Kf2 Ra2 44. Ke1 Bf8 45. b4 Rb2 46. b5 Rb1+ 47. Bd1
Bc5 48. Nb3 Bb6 49. Bc1 f6 50. Bc2 Rxc1+ 51. Nxc1 fxe5 52. fxe5 Bd4 53. Nd3 Kf7
54. Ke2 1-0

[Event "Qatar Masters Open 2014"]
[Site "Doha QAT"]
[Date "2014.12.02"]
[Round "7.28"]
[White "Wen, Yang"]
[Black "Georgiadis, Nico"]
[Result "1/2-1/2"]
[WhiteElo "2586"]
[BlackElo "2460"]
[PlyCount "161"]
[EventDate "2014.11.26"]
[EventType "swiss"]
[EventRounds "9"]
[EventCountry "QAT"]
[Source "lmi"]
[SourceDate "2014.11.26"]

1. d4 Nf6 2. c4 e6 3. Nf3 d5 4. Nc3 Bb4 5. cxd5 exd5 6. Bg5 h6 7. Bh4 g5 8. Bg3
Ne4 9. Nd2 Nxg3 10. hxg3 c6 11. Qc2 Be6 12. a3 Bf8 13. O-O-O Nd7 14. e4 Bg7 15.
f4 gxf4 16. gxf4 dxe4 17. Ndxe4 Qc7 18. d5 cxd5 19. Nxd5 Qxc2+ 20. Kxc2 O-O-O
21. Bc4 Kb8 22. Nd6 Nc5 23. Ne3 Bxc4 24. Nexc4 Ne6 25. Nxf7 Rxd1 26. Rxd1 Rc8
27. Nfd6 Rc6 28. f5 Nd4+ 29. Kb1 b5 30. Ne8 Nxf5 31. Na5 Rc8 32. Nxg7 Nxg7 33.
Rd5 a6 34. Rd6 Nf5 35. Rxa6 Rc5 36. Rg6 Ne3 37. Nc6+ Kb7 38. Nd8+ Kc8 39. Ne6
Re5 40. Nf4 h5 41. Rg3 h4 42. Rg8+ Kb7 43. Rh8 Rg5 44. Rh7+ Kb6 45. Rh6+ Kb7
46. Rh7+ Kb6 47. Rxh4 Nxg2 48. Rh6+ Kb7 49. Ne6 Re5 50. Nd8+ Kc7 51. Nc6 Rc5
52. Nd4 Rd5 53. Ne2 Ne3 54. Nc3 Re5 55. Ka2 Nc4 56. Rh4 Kb6 57. a4 Nxb2 58.
Rh6+ Kc5 59. axb5 Na4 60. Nxa4+ Kxb5 61. Kb3 Re3+ 62. Nc3+ Kc5 63. Rh5+ Kd6 64.
Kc4 Re1 65. Kd4 Ke6 66. Nd5 Rd1+ 67. Ke4 Re1+ 68. Ne3 Kd6 69. Kd4 Ke6 70. Rh6+
Kd7 71. Nf5 Rd1+ 72. Ke5 Re1+ 73. Kd5 Rd1+ 74. Nd4 Ke7 75. Re6+ Kf7 76. Rd6 Ke7
77. Re6+ Kf7 78. Re2 Kf6 79. Rf2+ Ke7 80. Ke5 Re1+ 81. Re2 1/2-1/2